000 00638nam a2200277Ia 4500
005 20260324123235.0
008 008 260324s9999 xx 000 0 eng d
020 _a9781315653082
037 _aEBOOK
040 _aCRL
040 _beng
040 _cCRL
041 _2eng
041 _aeng
084 _qCRL
100 _aCharles Ivar McGrath
_91169566
245 0 _aIreland and Empire, 1692-1770
260 _bTaylor and Francis
260 _c2012
365 _a
365 _b255
856 _uhttp://www.taylorfrancis.com/books/9781315653082
942 _cEBOOK
999 _c1762909
_d1762909